| 000 | 00639cam a2200205 i 4500 | ||
|---|---|---|---|
| 020 | _a9781412998987 (pbk. : alk. paper) | ||
| 020 | _a1412998980 (pbk. : alk. paper) | ||
| 040 | _cDLC | ||
| 082 | 0 | 0 | _a362 RAN 2003 C165 Or. |
| 100 | 1 | _aOsten, Kevin A | |
| 245 | 1 | 0 |
_aIntegrating 12-steps and psychotherapy : _bhelping clients find sobriety and recovery / |
| 246 | 3 | _aIntegrating twelve-steps and psychotherapy | |
| 300 |
_axiii, 219 pages : _billustrations ; _c28 cm |
||
| 650 | 0 | _aSubstance abuse | |
| 650 | 0 | _aTwelve-step programs | |
| 650 | 0 | _aPsychotherapy | |
| 650 | 0 | _aAddicts | |
| 700 | 1 | _aSwitzer, Robert, | |
| 942 | _cAEDBB | ||
| 999 |
_c19319 _d19319 |
||